00427nam a22001337a 4500003000400000005001700004008004100021050002400062082002700086100002400113245008700137260004100224300002800265OSt20140310181753.0130628t xxu||||| |||| 00| 0 eng d aGR 325 b.V716 1998 aFIL 899.211 bV71 1998 aVillangca, Perlita  aMga alamat, pabula at marami pang kuwento :bikalawang aklat /cPerlita Villangca. aMakati City : bSSP Makati, cc1998. a95 p. bill. ;c20 cm.